00816cam a2200241 450000500170000000800410001702000150005804000340007304100080010704400080011508200170012310000320014024500900017225000210026226000390028330000780032250400420040065000190044265000300046165000270049165000290051870000270054720160927124848.0730508s1973 nyua b 001 0 eng  a0470181303 aDLCcDLCdDLCdICUdCO-BoIAVH0 aeng axxu04a578.09bC87b1 aCox, C. Barryd1931-eautor10aBiogeography: an ecological and evolutionary approachcC. Barry Cox y Peter D. Moore. aQuinta edición aNew York, EE. UU.,bWiley,c[1973] aviii, 179 páginas : bilustraciones, mapas y gráficas ; c24 x 17 cm. aIncluye referencias bibliográficas.26aBiogeografía26aMedio ambientexmonitoreo24aEcosistemasxmonitoreo26aBiodiversidadxmonitoreo1 aMoore, Peter D.eautor